South Carolina Major & Minor Teams - Statistics

General Stats
  • This quiz has been taken 23 times
  • The average score is 10 of 19
Answer Stats
NCAA % Correct
South Carolina Gamecocks
100%
Clemson Tigers
88%
South Carolina State Bulldogs
75%
The Citadel Bulldogs
69%
Charleston Southern Buccaneers
56%
Coastal Carolina Chanticleers
56%
South Carolina Stingrays
56%
Charleston Cougars
50%
Greenville Drive
50%
Furman Paladins
44%
Winthrop Eagles
44%
Columbia Fireflies
38%
Greenville Swamp Rabbits
38%
Presbyterian Blue Hose
38%
Wofford Terriers
38%
Charleston RiverDogs
31%
Myrtle Beach Pelicans
31%
USC Upstate Spartans
31%
Augusta GreenJackets
19%
No matching quizzes found
Score Distribution
Percent of People with Each Score
Percentile by Number Answered
Your Score History
You have not taken this quiz